000 00496nam a2200169Ia 4500
999 _c23833
_d23833
003 OSt
005 20210104123842.0
008 190216s9999||||xx |||||||||||||| ||und||
040 _coclc
082 _a894.8121
_bPIL/K
100 _aPillai, Elamkulam Kunjan
_93264
245 0 _aKokasandesam /
_cElamkulam Kunjan Pillai
260 _bNational Book Stall,
_c1967.
_aKottayam:
300 _a99p
650 _aKavithkal
942 _cBK
_2ddc
_h894.8121
_iPIL/K
_k894.8121
_mPIL/K